[Event "Barcelona Sant Marti op 04th"]
[Site "Barcelona"]
[Date "2002.05.25"]
[Round "8.40"]
[White "Sanchez Viana, Jordi"]
[Black "Bermejo Diaz, Antonio"]
[Result "0-1"]
[WhiteElo "1865"]
[BlackElo "1700"]
[PlyCount "58"]
[EventDate "2002.04.06"]
[EventType "swiss"]
[EventRounds "9"]
[EventCountry "ESP"]
[SourceTitle "EXT 2003"]
[Source "ChessBase"]
[SourceDate "2002.11.25"]
[SourceVersion "1"]
[SourceVersionDate "2002.11.25"]
[SourceQuality "1"]

1. e4 d6 2. d4 Nf6 3. Nc3 g6 4. Bg5 Bg7 5. Bd3 0-0 6. Qe2 c5 7. dxc5 dxc5 8. 0-0-0 Be6 9. Qe3 Qa5 10. Kb1 Nc6 11. f4 Ng4 12. Qe1 Bxc3 13. Qxc3 Qxc3 14. bxc3 Nf2 15. Nf3 Nxh1 16. Rxh1 f6 17. Bh4 Rab8 18. Bf2 c4 19. Be2 b5 20. Nd4 Nxd4 21. Bxd4 a5 22. h4 Rfd8 23. h5 b4 24. Ka1 b3 25. cxb3 cxb3 26. axb3 Rxb3 27. f5 Ra3+ 28. Kb2 Ra2+ 29. Kc1 Ra1+ 0-1